| 000 | 00348nam a2200133Ia 4500 | ||
|---|---|---|---|
| 005 | 20260328104325.0 | ||
| 008 | 260328s9999||||xx |||||||||||||| ||und|| | ||
| 100 | _aVenturi, Robert | ||
| 245 | 0 |
_aComplejidad y Contradicción en la Arquitectura / _cRobert Venturi |
|
| 260 | _bGustavo Gili | ||
| 300 | _a234 p. | ||
| 650 | _aHISTORIA | ||
| 942 | _cBK | ||
| 999 |
_c11495 _d11495 |
||